estudio y caracterizacion de fauna y flora en el area de influencia del corredor ecologico : (Registro nro. 36856)

Detalles MARC
000 -CABECERA
Longitud fija campo de control 00680nam a2200169 4500
003 - • IDENTIFICADOR DELl NÚMERO DE CONTROL
Identificador del número de control CO-ViMGA
040 ## - FUENTE DE LA CATALOGACIÓN
Centro catalogador de origen CO-ViMGA
Lengua de catalogación spa
Centro transcriptor CO-ViMGA
082 04 - • NÚMERO DE LA CLASIFICACIÓN DECIMAL DEWEY
Número de clasificación (R) Fr574.509
Número del ítem C67
110 ## - • PUNTO DE ACCESO PRINCIPAL-NOMBRE DE ENTIDAD CORPORATIVA
Nombre de entidad corporativa o nombre de jurisdicción como elemento inicial CORPOVIDA
245 10 - • TITULO PROPIAMENTE DICHO
Título estudio y caracterizacion de fauna y flora en el area de influencia del corredor ecologico :
Resto del título Convenio de colaboración DHS 207 de 2008 /
Mención de responsabilidad, etc. Ejecutado por Corporacion de Vida y Cultura Corpovida
300 ## - • DESCRIPCIÓN FÍSICA
Extensión 36 p. :
Otras características físicas fotos ; 27 cm.
650 14 - • PUNTO DE ACCESO ADICIONAL DE MATERIA - TÉRMINO DE MATERIA
Término de materia o nombre geográfico como elemento inicial Fauna
Subdivisión geográfica Orinoquia Colombiana
650 14 - • PUNTO DE ACCESO ADICIONAL DE MATERIA - TÉRMINO DE MATERIA
Término de materia o nombre geográfico como elemento inicial Flora
Subdivisión geográfica Orinoquia Colombiana
650 14 - • PUNTO DE ACCESO ADICIONAL DE MATERIA - TÉRMINO DE MATERIA
Término de materia o nombre geográfico como elemento inicial Geologia
Subdivisión geográfica Orinoquia Colombiana
942 ## - ENTRADA DE ELEMENTOS AGREGADOS (KOHA)
Fuente de clasificaión o esquema Dewey Decimal Classification
Koha [por defecto] tipo de item LIbro
Existencias
Perdido Fuente de clasificación o esquema Estado Físico No para préstamo Forma de adquisición Localización permanente Localización actual Fecha adquisición Préstamos totales Renovaciones totales Signatura completa Código de barras Fecha última consulta Fecha último préstamo Fecha del precio de reemplazo Tipo de item de Koha
  Dewey Decimal Classification     Fondo Regional Tercer Piso Biblioteca Pública Germán Arciniegas - Villavicencio Biblioteca Pública Germán Arciniegas - Villavicencio 09/06/2017 1 1 Fr574.509 C67 32364 11/20/2019 11/19/2019 09/06/2017 LIbro









Instituto Departamental de Cultura del Meta - Red Departamental de Bibliotecas Públicas del Meta.